=LDR 00000nam 2200000 4500 =001 INLIS000000000051219 =005 20170904124448 =035 ##$$a 0010-0917000023 =007 ta =008 170904###########################0###### =020 ##$$a 978-602-1348-02-4 =082 ##$$a 787.6 =084 ##$$a 787.6 M. s =100 #$$a M. Satria =245 1#$$a Step By Step Jago Main Gitar /$c M. Satria =260 ##$$a Yogyakarta :$b Cemerlang Publishing,$c 2014 =300 ##$$a iv, 112 hlm : $b ilus. ; $c 29 cm =650 ##$$a GITAR =990 ##$$a 1017710177 =990 ##$$a 1017710177 =990 ##$$a 1017710177 =990 ##$$a 1017710177 =990 ##$$a 1017710177 =990 ##$$a 21704201 =990 ##$$a 01201710177 =990 ##$$a 01201710178 =990 ##$$a 01201710179 =990 ##$$a 01201710180 =990 ##$$a 21704202 =990 ##$$a 01201710177 =990 ##$$a 01201710178 =990 ##$$a 01201710179 =990 ##$$a 21704201 =990 ##$$a 21704203 =990 ##$$a 01201710177 =990 ##$$a 01201710178 =990 ##$$a 21704202 =990 ##$$a 21704201 =990 ##$$a 21704204 =990 ##$$a 01201710177 =990 ##$$a 21704203 =990 ##$$a 21704202 =990 ##$$a 21704201 =990 ##$$a 21704205 =990 ##$$a 21704204 =990 ##$$a 21704203 =990 ##$$a 21704202 =990 ##$$a 21704201